|
|
|
|
| LEADER |
00000nam0a2200000 4500 |
| 001 |
310136 |
| 005 |
20231102002246.0 |
| 020 |
|
|
|a RU
|b 81-57203
|
| 035 |
|
|
|a (RuTPU)RU\TPU\book\335477
|
| 090 |
|
|
|a 310136
|
| 100 |
|
|
|a 20151121d1981 km y0rusy5003 ca
|
| 101 |
0 |
|
|a rus
|
| 102 |
|
|
|a RU
|
| 105 |
|
|
|a a z 001zy
|
| 200 |
1 |
|
|a Повышение эффективности использования газа на компрессорных станциях
|f В. А. Динков [и др.]
|
| 210 |
|
|
|a Москва
|c Недра
|d 1981
|
| 215 |
|
|
|a 296 с.
|c ил.
|d 22 см.
|
| 300 |
|
|
|a Авт. указ. на обороте тит. л.
|
| 320 |
|
|
|a Библиогр.: с. 293-294
|
| 320 |
|
|
|a Основные обозначения: с. 5-6
|
| 606 |
1 |
|
|a Компрессорные станции
|x Использование отходящего газа
|2 stltpush
|3 (RuTPU)RU\TPU\subj\15063
|9 41361
|
| 610 |
1 |
|
|a газ
|
| 610 |
1 |
|
|a транспортировка
|
| 610 |
1 |
|
|a топливно-энергетические затраты
|
| 610 |
1 |
|
|a снижение
|
| 610 |
1 |
|
|a вторичные энергопродукты
|
| 610 |
1 |
|
|a утилизация
|
| 610 |
1 |
|
|a рациональное использование
|
| 610 |
1 |
|
|a опытно-промышленные испытания
|
| 610 |
1 |
|
|a выпускные газы
|
| 610 |
1 |
|
|a водяные дистилляты
|
| 610 |
1 |
|
|a энергия
|
| 610 |
1 |
|
|a холод
|
| 675 |
|
|
|a 622.691.4.05
|z rus
|v 4
|
| 701 |
|
1 |
|a Динков
|b В. А.
|g Василий Александрович
|
| 701 |
|
1 |
|a Гриценко
|b А. И.
|g Александр Иванович
|
| 701 |
|
1 |
|a Васильев
|b Ю. Н.
|g Юрий Николаевич
|
| 701 |
|
1 |
|a Мужиливский
|b П. М.
|g Петр Михайлович
|
| 801 |
|
0 |
|a RU
|b RuMRKP
|c 19950704
|g psbo
|
| 801 |
|
1 |
|a RU
|b 63413507
|c 20151121
|
| 801 |
|
2 |
|a RU
|b 63413507
|c 20180917
|g RCR
|
| 942 |
|
|
|c BK
|